Tecnología y subsistencia.

Guardado en:
Formato: Deslizar
Series:Nuestros orígenes
Materias:
Etiquetas: Agregar Etiqueta
Sin Etiquetas, Sea el primero en etiquetar este registro!
LEADER 00950ngm a22002415g 4500
001 CEM.cems022401
008 130507b1998##################0###0#####d
005 20241031180756.0
245 0 0 |a Tecnología y subsistencia. 
300 |a 47'. 
490 0 |a Nuestros orígenes 
500 |a En soporte VHS, consultar en ventanilla. 
505 0 |a Pueblos cazadores-recolectores. Edad de piedra. Yacimientos arqueológicos. Cazadores de focas. Análisis de restos óseos. Técnicas para determinar aspectos físicos y sociales de los hombres prehistóricos. 
538 |a Soporte: VHS - Norma: Pal N - Color: Si - Grabación DRD 1998 - Hitachi=4270 
082 5 7 |/ TVQ 
653 |a ARQUEOLOGIA 
653 |a ANTROPOLOGIA 
653 |a PUEBLOS CAZADORES 
653 |a HOMBRE PREHISTORICO 
653 |a PUEBLOS RECOLECTORES 
653 |a NIVEL PRIMARIO 
653 |a NIVEL SECUNDARIO 
859 |a CEMS  |b BIB. CEMS - Depto. Recursos Didacticos  |h 573  |i TVQ  |k DRD  |p 1044.12  |t Ej.1